000 01503nam a2200349 c 4500
003 BLK
005 20230908113218.0
008 180412b bul|||||r ||||||| ||bul||
010 _aKNG00006074000
020 _a954-8009-45-5
_bиздат.: Гарант-21 - на том(ч. 1)
040 _aBLK
041 _aBUL
_cBUL
080 _aАмериканска литература (на САЩ)
_b821.111(73)
_x-312.4
_z821.111(73)-312.4
100 1 _aВан Лустбадер, Ерик
_eпърви автор
_9244416
700 1 _aЛаптев, Веселин Иванов
_eпрев. от англ.
_9244417
139 _aВан Лустбадер, Ерик
_bВ 20
245 1 0 _aНинджа срещу Плаващия град
_bРоман : В 2 ч.
_cЕрик Ван Лустбадер; прев. от англ. Веселин Иванов Лаптев.
_nЧ. 1
257 _aUSA
260 София
_c1995
_fВраца : Полипринт
300 _c20 см
380 _aX
500 _aОриг. загл. Floating City / Eric Van Lustbader. - 7 200 тир.
653 _aтрилъри
653 _aромани
760 1 _3- на том(ч. 1)
_aВан Лустбадер, Ерик
_dГарант-21, 1995
_h288 с.
_tЧ. 1
852 _aЦб 180015
856 4 _qpdf
_u
856 4 _qpdf
_u
942 _cKNG
_n0
_05
944 _aCR
_c15.01.2003
_lМинев Младен
_k30530
944 _aED
_c15.12.2017
_lф /
_kЛюдмила_Стоянова
999 _c4904
_d4904